| 000 | 00572nam a2200193 4500 | ||
|---|---|---|---|
| 999 |
_c196567 _d196567 |
||
| 005 | 20230818143818.0 | ||
| 010 | _aENG-137421 | ||
| 020 |
_a9789392080159 _c225.00 |
||
| 035 | _aEN-120953 | ||
| 037 | _bDBAD/PUB | ||
| 082 | _a301 | ||
| 100 | _qMishra,Pawan Kumar | ||
| 245 |
_aIntroduction to Sociology-I / _cby Pawan Kumar Mishra |
||
| 260 |
_aNew Delhi _bKitab Mahal Publishers _c2022 |
||
| 270 |
_a4655/21, Ansari Road (G.F) Daryaganj _bNew Delhi _e110002 |
||
| 300 |
_a144p. _c21cm(pbk) |
||
| 700 | _aChantia, Alok | ||
| 942 |
_2ddc _cEN _h301 _mMIS |
||